|
|
|
|
| LEADER |
00000nam0a2200000 4500 |
| 001 |
67932 |
| 005 |
20231031074321.0 |
| 010 |
|
|
|a 5940741452
|
| 035 |
|
|
|a (RuTPU)RU\TPU\book\72329
|
| 090 |
|
|
|a 67932
|
| 100 |
|
|
|a 20040928d2004 km y0rusy50 ca
|
| 101 |
1 |
|
|a rus
|c eng
|
| 102 |
|
|
|a RU
|
| 105 |
|
|
|a a z 001zy
|
| 200 |
1 |
|
|a Сопряжение ПК с внешними устройствами
|e пер. с англ.
|f П. Ан
|
| 205 |
|
|
|a 2-е изд., стереотип.
|
| 210 |
|
|
|a СПб.
|c Питер
|d 2004
|
| 215 |
|
|
|a 315 с.
|c ил.
|
| 320 |
|
|
|a Библиогр.: с. 312.
|
| 320 |
|
|
|a Предм. указ.: с. 313-315.
|
| 610 |
1 |
|
|a персональные компьютеры
|
| 610 |
1 |
|
|a внешние устройства
|
| 610 |
1 |
|
|a сопряжение
|
| 610 |
1 |
|
|a управление
|
| 610 |
1 |
|
|a параллельные порты
|
| 610 |
1 |
|
|a последовательные порты
|
| 610 |
1 |
|
|a игровые порты
|
| 610 |
1 |
|
|a аналоговые величины
|
| 610 |
1 |
|
|a измерение
|
| 610 |
1 |
|
|a сетевые приложения
|
| 610 |
1 |
|
|a удаленный доступ
|
| 675 |
|
|
|a 681.327.8
|v 3
|
| 700 |
|
1 |
|a Ан
|b П.
|g Пей
|
| 801 |
|
1 |
|a RU
|b 63413507
|c 20040928
|g PSBO
|
| 801 |
|
2 |
|a RU
|b 63413507
|c 20170919
|g PSBO
|
| 900 |
|
|
|a Периферийные устройства
|
| 900 |
|
|
|a Методы и средства сопряжения с объектами
|
| 900 |
|
|
|a Интерфейсы информационных систем
|
| 942 |
|
|
|c BK
|
| 959 |
|
|
|a 119/20040924
|d 1
|e 130
|f НФ:1
|